| 000 | 00666ngm a22001937a 4500 | ||
|---|---|---|---|
| 005 | 20200104041754.0 | ||
| 008 | 170223b xxu||||| |||| 00| 0 spa d | ||
| 040 |
_aCO-BoIAVH _cCO-BoIAVH |
||
| 041 | _aspa | ||
| 090 |
_aMM _b00408 |
||
| 110 | 1 |
_aInstituto de Investigación de Recursos Biológicos Alexander von Humboldt _9204 |
|
| 111 |
_aSimposio: páramos y alta montaña _d15 de mayo de 2012 _980115 |
||
| 245 | 1 | _aSimposio: páramos y alta montaña gestión adaptativa de los ecosistemas, para el bienestar de la sociedad Colombiana | |
| 257 | _aColombia | ||
| 300 | _aVideo | ||
| 650 | 1 | 6 |
_aPáramos _992513 |
| 650 | 1 | 6 |
_aEcosistemas _992256 |
| 942 |
_2z _cDVD |
||
| 999 |
_c19360 _d19360 |
||